000
00350pam a2200157a 44500
008
230515b1994 xxu||||| |||| 00| 0 eng d
020
_a
NULL
041
_a
ENGLISH
082
_a
N.D.
100
_a
Gulati
245
_a
Morden Colour Television
250
_a
0
260
_a
NULL
_b
Prentice Hall of India
_c
1994
300
_a
300
650
_a
NULL
999
_c
575364
_d
575364